000 00718nam a2200229Ia 4500
005 20250425162537.0
008 250425s9999 xx 000 0 und d
020 _a0071380388
041 _aeng
082 _a384.5
_pNIC
100 _aNichols, Randall K.
245 0 _aWireless Security
_bModels, Threats, and Solutions
_cRandall K. Nichols, Panos C. Lekkas
260 _aEstados Unidos
_bMcGraw-Hill
_c2002
300 _a657 p.
_bIlustrado
_c24 cm
500 _aIncluye tabla de contenido, bibliografía, índice
650 _aComunicación satelital
650 _aComunicaciones asincronas
650 _aRedes LAN-Medidas de seguridad
902 _aMonográfico
_cImpreso
942 _c01
010 _a84511
999 _c231380
_d231380